| 000 | 00735nam a2200277Ia 4500 | ||
|---|---|---|---|
| 008 | 170203s9999 xx 000 0 und d | ||
| 020 | _a9789812744906 | ||
| 050 | _aFic | ||
| 050 | _bA374w | ||
| 100 | _aAlexander, Adrian. | ||
| 245 | _aWhat's for breakfast? / | ||
| 245 | _cwritten and illustrated by Adrian Alexander. | ||
| 260 | _aSingapore : | ||
| 260 | _bTeachers@work, | ||
| 300 | _a16 pages : | ||
| 300 | _bcolor illustrations ; | ||
| 300 | _c21 cm. | ||
| 440 | _aShapeys science readers, | ||
| 440 | _vlevel 1, bk. A. | ||
| 650 | _aCold -- | ||
| 650 | _aHeat -- | ||
| 650 | _aTemperature -- | ||
| 650 | _xJuvenile literature. | ||
| 650 | _xJuvenile literature. | ||
| 650 | _xJuvenile literature. | ||
| 999 |
_c306356 _d306356 |
||